El contador de historias y otros cuentos

Saved in:
Bibliografiske detaljer
Main Authors: Saki (Author), Munro, Hector hugh (Author)
Format: Bog
Sprog:spansk
Udgivet: Santiago Santillana del Pacífico S. A 2017
Udgivelse:2a. ed
Serier:Clásicos
Fag:
Tags: Tilføj Tag
Ingen Tags, Vær først til at tagge denne postø!

MARC

LEADER 00000cam a2200000 a 4500
001 UCC3633
003 CL-VaPUC
008 180531e20170000cl |||||||||||||||||spa|d
020 |a 9789561526617 
082 0 4 |a 823  |b SAK  |2 21 
100 0 |a Saki  |e author  |9 597690 
700 0 |a Munro, Hector hugh  |e author  |9 597691 
245 1 3 |a El contador de historias y otros cuentos 
250 |a 2a. ed 
300 |a 153 p 
942 |c BK 
945 |d 20180531 16:15:00  |a dcastane 
260 |a Santiago  |b Santillana del Pacífico S. A  |c 2017 
650 0 |a Cuentos ingleses  |9 265135 
650 0 |a Literatura inglesa  |9 312907 
583 |a last modification  |c 20180531 16:15:00  |k Rodrigo Vera 
490 0 |a Clásicos 
999 |c 371325  |d 371323